Racial equity in public budgeting: An analysis of three pioneer cases (Record no. 531416)

000 -LEADER
fixed length control field 01693nam a22001457a 4500
008 - FIXED-LENGTH DATA ELEMENTS--GENERAL INFORMATION
fixed length control field 250827b ||||| |||| 00| 0 eng d
100 ## - MAIN ENTRY--PERSONAL NAME
Personal name Guzmán,Juan Pablo Martínez Jordan, Meagan M. and Joyce, Philip G.
245 ## - TITLE STATEMENT
Title Racial equity in public budgeting: An analysis of three pioneer cases
260 ## - PUBLICATION, DISTRIBUTION, ETC. (IMPRINT)
Place of publication, distribution, etc The American Review of Public Administration
300 ## - PHYSICAL DESCRIPTION
Extent 55(3), Apr, 2025: p.21-
520 ## - SUMMARY, ETC.
Summary, etc Over the past decade, pressure has mounted for governments to address the effects of racial disparities and systemic racism. Some governments have implemented racial equity reforms that build on the public budgeting cycle as a system that can help filter new interventions and push for redesigning existing ones. This paper presents in-depth case studies of three local governments that are pioneers in advancing racial equity through public budgeting systems: the City of Austin, TX, the City of Baltimore, MD, and King County, WA. Our findings show that these governments have advanced practices that integrate equity considerations into budgeting decisions, particularly through the use of equity assessments and the development of participatory processes. Significant challenges remain not just to improve what has been done but to ensure that these practices do not decay, as some cases are already failing to maintain levels of transparency and to ensure ongoing practices.- Reproduced

https://journals.sagepub.com/doi/full/10.1177/02750740251332944
650 ## - SUBJECT ADDED ENTRY--TOPICAL TERM
Topical term or geographic name as entry element Public budgeting, Social equality, Racial equity, Equity assessments, participatory budgeting, Budget transparency.
9 (RLIN) 56483
773 ## - HOST ITEM ENTRY
Main entry heading The American Review of Public Administration
942 ## - ADDED ENTRY ELEMENTS (KOHA)
Item type Articles
Holdings
Withdrawn status Lost status Source of classification or shelving scheme Damaged status Not for loan Permanent location Current location Date acquired Serial Enumeration / chronology Barcode Date last seen Koha item type
          Indian Institute of Public Administration Indian Institute of Public Administration 2025-08-27 55(3), Apr, 2025: p.199-213 AR137060 2025-08-27 Articles

Powered by Koha